000 00608cam a22002053a 4500
001 36396
003 PGUSA
005 20140828083804.0
008 110612s2011||||xxu|||||s|||||000 | eng d
040 _aPGUSA
_beng
042 _adc
100 1 _aEmerson, Alice B.
245 1 0 _aRuth Fielding In the Saddle :
_bCollege Girls in the Land of Gold
_h[electronic resource] /
_cAlice B. Emerson
260 _bProject Gutenberg,
_c2011
506 _aPublic domain in the USA.
516 _aElectronic text
830 0 _aProject Gutenberg
_v36396
856 4 0 _uhttp://www.gutenberg.org/ebooks/36396
942 _cEB
999 _c265651
_d265651